Membres de l'OTAN - Statistiques

Statistiques générales
  • Ce quiz a été pris 90 fois
  • Le résultat moyen est 27 sur 30
Réponses sur la Carte
Les réponses sont colorées sur une échelle allant du rouge au vert en fonction du pourcentage des utilisateurs qui les ont devinées à leur premier essai. Vous pouvez retrouver ces pourcentages ci-dessous.
 
Statistiques - réponses
Réponse % Correct
Allemagne
100%
Espagne
100%
France
100%
Canada
99%
Etats-Unis
99%
Portugal
99%
Royaume-Uni
99%
Italie
98%
Grèce
93%
Pologne
93%
Roumanie
93%
Islande
92%
Norvège
92%
Belgique
90%
Danemark
90%
Pays-Bas
90%
Hongrie
89%
Croatie
88%
Estonie
88%
Lituanie
87%
Lettonie
86%
Bulgarie
84%
Albanie
83%
Slovaquie
81%
Slovénie
80%
Luxembourg
76%
République Tchéque
76%
Turquie
76%
Macédoine du nord
75%
Monténégro
70%
Aucun quiz correspondant
Distribution des résultats
% des personnes avec chaque résultat
Percentile par nombre de réponses
Votre historique - résultats
Vous n’avez pas pris ce quiz